Stereotype und Vorurteile als Hindernis der Verständigung diplomová práca

Gespeichert in:
Bibliographische Detailangaben
1. Verfasser: Mazúrová, Denisa
Körperschaft: Fakulta aplikovaných jazykov EU v Bratislave. Katedra interkultúrnej komunikácie
Weitere Verfasser: Helmová, Milena, 1954-
Format: Buch
Sprache:Deutsch
Veröffentlicht: Bratislava 2016
Tags: Tag hinzufügen
Keine Tags, Fügen Sie das erste Tag hinzu!

MARC

LEADER 00000nbm a2200000 4500
001 0217413
005 20170306152308.3
041 0 |a ger 
044 |a SK 
245 1 0 |a Stereotype und Vorurteile als Hindernis der Verständigung  |b diplomová práca  |c Denisa Mazúrová ; školiteľ: Milena Helmová 
264 1 |a Bratislava  |c 2016 
300 |a 74 s. 
100 1 |a Mazúrová, Denisa 
700 1 |a Helmová, Milena, 1954- 
710 2 |a Fakulta aplikovaných jazykov EU v Bratislave. Katedra interkultúrnej komunikácie